Actors in Character by Picture - Statistics

General Stats
  • This quiz has been taken 130 times
  • The average score is 11 of 16
Answer Stats
Picture Hint Answer % Correct
Ace Ventura: Pet Detective Jim Carrey
91%
Harry Potter and the Sorcerer's Stone Emma Watson
89%
Mission: Impossible Tom Cruise
89%
Deadpool Ryan Reynolds
87%
Rocky Sylvester Stallone
87%
Mrs. Doubtfire Robin Williams
85%
Back to the Future Michael J. Fox
73%
Star Wars: Episode IV: A New Hope Carrie Fisher
66%
Shrek Mike Myers
63%
The Wizard of Oz Judy Garland
59%
Die Hard Alan Rickman
57%
Star Trek: The Motion Picture Leonard Nimoy
57%
Superman Returns Kevin Spacey
52%
Ferris Bueller's Day Off Matthew Broderick
51%
Frozen II Idina Menzel
33%
Napoleon Dynamite Jon Heder
22%
No matching quizzes found
Score Distribution
Percent of People with Each Score
Percentile by Number Answered
Your Score History
You have not taken this quiz